Normal view
MARC view
Entry Personal Name
001 - CONTROL NUMBER
- control field: 9580
003 - CONTROL NUMBER IDENTIFIER
- control field: PK-LaUMT
005 - DATE AND TIME OF LATEST TRANSACTION
- control field: 20260227104308.0
008 - FIXED-LENGTH DATA ELEMENTS
- fixed length control field: 260227|| aca||aabn | a|a d
040 ## - CATALOGING SOURCE
- Original cataloging agency: PK-LaUMT
- Transcribing agency: PK-LaUMT
100 ## - HEADING--PERSONAL NAME
- Personal name: Yasin Mazhar Siddiqi , Muahammad
670 ## - SOURCE DATA FOUND
- Source citation: Work cat.: (PK-LaUMT)101041: Yasin Mazhar Siddiqi , Muahammad, The Prophet Muhammad(P.B.U.H) a role model for Muslim minorities/, 2006
